BIBLIOTECA PODER JUDICIAL
Portal Judicial TDF

El "closet" jurídico : (Registro nro. 5753)

000 -LEADER
fixed length control field 01252nab a22002177a 4500
003 - CONTROL NUMBER IDENTIFIER
control field OSt
005 - DATE AND TIME OF LATEST TRANSACTION
control field 20260101232757.0
008 - FIXED-LENGTH DATA ELEMENTS--GENERAL INFORMATION
fixed length control field 190514b xxu||||| |||| 00| 0 spa d
040 ## - CATALOGING SOURCE
Transcribing agency PJ
100 ## - MAIN ENTRY--PERSONAL NAME
9 (RLIN) 6661
Personal name Comoglio, María Julia
245 13 - TITLE STATEMENT
Title El "closet" jurídico :
Remainder of title el rechazo de la femineidad travesti como categoría registral en un fallo de la CS /
Statement of responsibility, etc María Julia Comoglio.
300 ## - PHYSICAL DESCRIPTION
Extent p. 25-33
500 ## - GENERAL NOTE
General note Cita: TR LALEY AR/DOC/875/2025.
505 ## - FORMATTED CONTENTS NOTE
Formatted contents note Sumario: I. Palabras iniciales.— II. El caso en análisis.— III. Legislación aplicable y estado actual del sistema registral.— IV. Retrocesos y discursos de odio en el contexto actual.— V. El voto del Dr. Rosatti.— VI. ¿Eliminar la categoría registral "sexo"?— VII. Conclusión.
505 ## - FORMATTED CONTENTS NOTE
Title Fallo comentado: CS ~ 05/11/2024 ~ B., L. M. c. EN - M Interior OP y V s/ información sumaria. Corte Suprema de Justicia de la Nación.<br/>
650 #0 - SUBJECT ADDED ENTRY--TOPICAL TERM
9 (RLIN) 4305
Topical term or geographic name as entry element DERECHO A LA IDENTIDAD DE GÉNERO
650 #0 - SUBJECT ADDED ENTRY--TOPICAL TERM
9 (RLIN) 699
Topical term or geographic name as entry element FALLOS DE LA CORTE SUPREMA
650 #0 - SUBJECT ADDED ENTRY--TOPICAL TERM
9 (RLIN) 1057
Topical term or geographic name as entry element JURISPRUDENCIA APLICABLE
773 0# - HOST ITEM ENTRY
Host Biblionumber 2844
Host Itemnumber 3222
Place, publisher, and date of publication Buenos Aires : AbeledoPerrot, 1989-
Title Derecho de familia. Revista Interdisciplinaria de doctrina y jurisprudencia. Junio 2025-III.
International Standard Book Number 18511201
942 ## - ADDED ENTRY ELEMENTS (KOHA)
Source of classification or shelving scheme
Koha item type Analítica Artículo de Revista

No hay ítems disponibles.

12 de Octubre 789 Ushuaia - Tel:  54(02901)441571
Horario de Atención: 8.00 a 17.00 hs. 
bibliotecaush@justierradelfuego.gov.ar
koha@justierradelfuego.gov.ar
Seguinos en nuestras redes @bibliojustdf 

Con tecnología Koha